[Event "Pan American-ch School U15 12th"]
[Site "Callao"]
[Date "2023.10.16"]
[Round "1"]
[White "Gutarra Minaya, Percy Eduardo"]
[Black "Laura Cabrera, Jhon Magno"]
[Result "1/2-1/2"]
[WhiteElo "1166"]
[BlackElo "1554"]
[PlyCount "36"]
[EventDate "2023.10.16"]
[EventType "swiss"]
[EventRounds "9"]
[EventCountry "PER"]
[SourceTitle "Mega2024 Update 01"]
[Source "Chessbase"]
[SourceDate "2023.11.12"]
[SourceVersion "1"]
[SourceVersionDate "2023.11.12"]
[SourceQuality "1"]

1. d4 Nf6 2. Nf3 g6 3. g3 d6 4. Bg2 Bg7 5. 0-0 0-0 6. b3 Nc6 7. Bb2 Nd7 8. Nbd2 Nb6 9. c4 e5 10. d5 Ne7 11. e4 f5 12. Qc2 f4 13. c5 Nd7 14. b4 h6 15. Rac1 b6 16. cxd6 cxd6 17. Qc7 Nf6 18. Qxd8 Rxd8 1/2-1/2